000 00850nam a2200241Ia 4500
001 21745
005 20260407122210.0
008 260320s9999||||xx |||||||||||||| ||und||
020 _a9786124881534
041 _aESP
082 _a344.523
_bO41
100 _aOlarte Sotomayor, Midwar,
_eAUT
245 0 _aAfectación psicológica, como componente de un delito
250 _aPrimera edición
260 _aLima :
_bCEMAR,
_c2024
300 _a199 páginas :
_btablas ;
_c21 cm.
650 _aCIS
653 _aDerecho penal; Violencia familiar; Daño psicológico - Aspectos legales - Perú
654 _aCDE
700 _aAlatrista Muñiz, Germán Ramiro; Córdova Huamani, Máximo
_cAUTS
856 _uhttps://palestra-tirantonline-com.ucsp.lookproxy.com/base/per
_zVéase además: Base de datos Tirant Palestra
942 _cLIB
_dJUS
_fMAT
_2ddc
999 _c21745
_d21745